Ειδικά θέματα δικτύων και υπηρεσιών

Αποθηκεύτηκε σε:
Λεπτομέρειες βιβλιογραφικής εγγραφής
Άλλοι συγγραφείς: Γκάμας, Απόστολος
Μορφή: Βιβλίο
Γλώσσα:Greek
Δημοσίευση: Αθήνα : Ελληνικά Γράμματα, 2004.
Σειρά:Τεχνολογία πληροφορικής και επικοινωνιών (Ελληνικά Γράμματα)
Θέματα:
Ετικέτες: Προσθήκη ετικέτας
Δεν υπάρχουν, Καταχωρήστε ετικέτα πρώτοι!

MARC

LEADER 00000cam a2200000 i 4500
001 1/92938
008 080901s2004 gr | ||| |||| ||gre||
020 |a 9604068911 
035 |l 10099811 
040 |a GR-MyUA  |b gre  |e AACR2 
041 0 |a gre 
082 7 |a 004.65   |2 (22) 
245 0 0 |a Ειδικά θέματα δικτύων και υπηρεσιών /   |c Απόστολος Γκάμας ... [κ.ά.].  
260 |a Αθήνα :   |b Ελληνικά Γράμματα,   |c 2004.  
300 |a 270 σ. ;   |c 24 εκ.  
490 1 |a (Τεχνολογία πληροφορικής και επικοινωνιών / Ελληνικά Γράμματα)  
504 |a Περιέχει βιβλιογραφικές παραπομπές και ευρετήριο.  
650 0 0 |a Computer networks. 
700 1 |a Γκάμας, Απόστολος. 
830 0 |a Τεχνολογία πληροφορικής και επικοινωνιών (Ελληνικά Γράμματα) 
852 |a INST  |b SAMOS  |e 20080901  |h 004.65 ΕΙΔ  |p 005300030185  |q 005300030185  |t BK  |y 0 
901 |a BIBL3-2008-2 
909 |a Σ  |b 141634 
922 |a 3ΕΛΗ  |b 200711  |c ΕΠΕΑΕΚ2/ΤΜΗΜΑ ΜΑΘΗΜΑΤΙΚΩΝ  |d ΠΑΤΑΚΗΣ 
970 |a ΡΟΥΣΣΟΥ  |b ΚΩΝΣΤΑΝΤΙΝΑ  |z 2008/09/01